banner koha

Estudos preliminares dos aspectos epidemiologicos das endoparasitoses dos bovinos do vale do Ribeira, litoral sul do estado de Sao Paulo [Bos taurus; Verminose; Brasil] (Registro n. 108699)

MARC details
000 -LÍDER
campo de controle de tamanho fixo 01210nas a2200361 4500
001 - NÚMERO DE CONTROLE
campo de controle BR8200711
003 - IDENTIFICADOR DO NÚMERO DE CONTROLE
campo de controle BR-BrBNA
005 - DATA E HORÁRIO DA ÚLTIMA TRANSAÇÃO
campo de controle 20231205085022.0
007 - CAMPO FIXO DE DESCRIÇÃO FÍSICA--INFORMAÇÃO GERAL
campo de controle de tamanho fixo ta
008 - CAMPO DE DADOS FIXOS--INFORMAÇÃO GERAL
campo de controle de tamanho fixo 230509b bl.|||p| |||| 00| 00por d
040 ## - FONTE DA CATALOGAÇÃO
Instituição da catalogação original BR-BrBNA
Idioma da catalogação por
Instituição que transcreveu o registro Biblioteca Nacional de Agricultura
041 ## - CÓDIGO DE IDIOMA
Código do idioma do texto/trilha sonora ou título diferente (Pt)
072 ## - CÓDIGO DE CATEGORIA DE ASSUNTO
Código de Categoria de Assunto L72
100 1# - ENTRADA PRINCIPAL--NOME PESSOAL
Nome pessoal Fujii, T.U.
100 1# - ENTRADA PRINCIPAL--NOME PESSOAL
Nome pessoal Oba, M.S.P.
100 1# - ENTRADA PRINCIPAL--NOME PESSOAL
Nome pessoal Porto, A. del
100 1# - ENTRADA PRINCIPAL--NOME PESSOAL
Nome pessoal Serafim, A.C. de O.
100 1# - ENTRADA PRINCIPAL--NOME PESSOAL
Nome pessoal Tanji, J.
100 1# - ENTRADA PRINCIPAL--NOME PESSOAL
Nome pessoal Palazzo, J.P.C.
100 1# - ENTRADA PRINCIPAL--NOME PESSOAL
Nome pessoal Fujii, T.
100 1# - ENTRADA PRINCIPAL--NOME PESSOAL
Nome pessoal Lima, Z.M.B.
245 1# - TÍTULO
Título Estudos preliminares dos aspectos epidemiologicos das endoparasitoses dos bovinos do vale do Ribeira, litoral sul do estado de Sao Paulo [Bos taurus; Verminose; Brasil]
246 1# - FORMA VARIANTE DO TÍTULO
Título/título abreviado Study of the epidemiology of gastrintestinal helminths of cattle of Ribeira valley, Sao Paulo [Bos taurus; Verminosis; Brazil]
650 ## - ASSUNTO--TERMO TÓPICO
Cabeçalho tópico ou nome geográfico Praga de animal
650 ## - ASSUNTO--TERMO TÓPICO
Cabeçalho tópico ou nome geográfico Bovino
650 ## - ASSUNTO--TERMO TÓPICO
Cabeçalho tópico ou nome geográfico Verminose
650 ## - ASSUNTO--TERMO TÓPICO
Cabeçalho tópico ou nome geográfico Parasito de animal
650 ## - ASSUNTO--TERMO TÓPICO
Cabeçalho tópico ou nome geográfico Vale do Ribeira
650 ## - ASSUNTO--TERMO TÓPICO
Cabeçalho tópico ou nome geográfico Sao Paulo
773 0# - ENTRADA ANALÍTICA
Título Ecossistema (Brazil)
ISSN - International Standard Serial Number ISSN 0100-4107
Partes relacionadas (Sep 1981), v. 6(1) p. 113-127
Número de controle do registro BR8200711
909 ## -
-- 202311
-- Lúcia
-- 55
-- Lúcia Elande
942 ## - ELEMENTOS DE ENTRADA ADICIONADOS (KOHA)
Fonte da classificação ou esquema de arquivamento na estante Classificação AGRIS
Ocultar no OPAC Não
Tipo de material Koha Analítica
Exemplares
Situação do descarte Fonte da classificação ou esquema de arquivamento na estante Situação física Não pode ser emprestado Biblioteca de origem Biblioteca atual Localização na estante Enumeração do periódico / cronologia Total de empréstimos Data de último acesso Número do exemplar Tipo de material Koha Fonte de aquisição
  Classificação AGRIS   Consulta local Biblioteca Nacional de Agricultura - Binagri Biblioteca Nacional de Agricultura - Binagri   (Sep 1981), v. 6(1) p. 113-127   29/11/2023 01 Periódicos Portaria Interministerial nº 164/94

BINAGRI

Telefone: (61)3218-2567/2388/3357/2097 - binagri@agro.gov.br

Ministério da Agricultura e Pecuária , Esplanada dos Ministérios, Bloco D, Anexo B, Brasília/DF, CEP: 70.043-900